Hunderassen erkennen: Apportier-, Stöber- und Wasserhunde - Statistiken

Allgemein
  • Dieses Quiz wurde 36 mal gespielt
  • Das Durchschnittsergebnis liegt bei 4 aus 22
Antwortstatistiken
Bildquiz Antwort % Korrekt
Golden Retriever
88%
Labrador Retriever
84%
Flat Coated Retriever
52%
Curly Coated Retriever
48%
Clumber Spaniel
20%
Amerikanischer Cocker Spaniel
16%
English Cocker Spaniel
16%
Portugiesischer Wasserhund
16%
Wasserhund der Romagna
16%
Spanischer Wasserhund
12%
Chesapeake Bay Retriever
8%
English Springer Spaniel
8%
Französischer Wasserhund
8%
Friesischer Wasserhund
8%
Irischer Wasserspaniel
8%
Nova Scotia Retriever
8%
Welsh Springer Spaniel
8%
Amerikanischer Wasserspaniel
4%
Deutscher Wachtelhund
4%
Field Spaniel
4%
Nederlandse Kooikerhondje
4%
Sussex Spaniel
4%
Keine übereinstimmenden Quizze gefunden
Verteilung der Resultate
Anzahl Personen mit jedem Resultat
Perzentil nach korrekt beantworteten Fragen
Ihre Resultats-Entwicklung
Sie haben dieses Quiz noch nicht gespielt